Normal view
MARC view
- Col Syed Muhammad Jamil
Entry Personal Name
001 - CONTROL NUMBER
- control field: 48525
003 - CONTROL NUMBER IDENTIFIER
- control field: NUST
005 - DATE AND TIME OF LATEST TRANSACTION
- control field: 20210314134051.0
008 - FIXED-LENGTH DATA ELEMENTS
- fixed length control field: 210314|| aca||aabn | a|a d
040 ## - CATALOGING SOURCE
- Original cataloging agency: NUST
- Transcribing agency: NUST
100 ## - HEADING--PERSONAL NAME
- Personal name: Col Syed Muhammad Jamil
670 ## - SOURCE DATA FOUND
- Source citation: Work cat.: (NUST): Zahir Shah, Major 48524, Evaluation of successful and failed sections of National Highways (N-5) from Peshawar to Kamra with emphasis on geotechnical aspects, 2002
